| 000 | 01106cam a22003257a 4500 | ||
|---|---|---|---|
| 003 | CHAP | ||
| 005 | 20220329133638.0 | ||
| 008 | 990414d1989 mx r 00110 spa d | ||
| 010 | _a8970 | ||
| 011 | _a9942 | ||
| 035 | _a9178 | ||
| 040 | _cCHAP | ||
| 082 | 0 | 4 |
_a001.6424 _bB3Y |
| 100 | 0 | 0 |
_aBaras, Edward M. _910068 |
| 245 | 1 | 4 |
_aLotus 1-2-3 guía avanzada : _bincluye versión 2 _c/por Edward M. Baras |
| 260 |
_aMéxico, D.F. : _bMcGraw-Hill, _c1989. |
||
| 300 |
_a216 p. _b: ilus |
||
| 590 |
_aBATCH-UPD _b10 _c20130110 _lUCH01 _h1935 |
||
| 590 |
_aBATCH-UPD _b10 _c20130409 _lUCH01 _h2115 |
||
| 590 |
_aBATCH-UPD _b10 _c20130410 _lUCH01 _h1259 |
||
| 590 |
_aBATCH-UPD _b10 _c20130914 _lUCH01 _h0535 |
||
| 590 |
_aCONVERSION _b10 _c20130109 _lUCH01 _h1306 |
||
| 650 | 1 | 4 |
_aLenguajes de programación. _965989 |
| 650 | 1 | 4 |
_aLotus (Programación) _968603 |
| 901 | _aBK | ||
| 905 | _aGuadalupe Pinto C. | ||
| 942 | _cLIBRO | ||
| 949 |
_a001.6424 B3Y _bBC _cLIBRO _d33724000290318 _eLIBRO _fc.2 _gI.c/e _h81403 _i9178 _st _t36.00 |
||
| 949 |
_a001.6424 B3Y _bBC _cLIBRO _d33724000583605 _eLIBRO _gI.c/e _h77688 _i9178 _si _t36.00 |
||
| 999 |
_c8970 _d8970 |
||